[Event "Kronborg Chess Open 2024 Master1"]
[Site "Helsingor"]
[Date "2024.05.11"]
[Round "6"]
[White "Strom Engdahl, Alexander"]
[Black "Rasmussen, Casper Dahl"]
[Result "1/2-1/2"]
[WhiteElo "2217"]
[BlackElo "2202"]
[PlyCount "73"]
[EventDate "2024.05.09"]
[EventType "tourn"]
[EventRounds "7"]
[EventCountry "DEN"]
[SourceTitle "Live from Kronborg Chess Open 2024"]

1. e4 e5 2. Nf3 Nc6 3. Bc4 Bc5 4. c3 Nf6 5. d3 O-O 6. O-O d5 7. exd5 Nxd5 8. Re1 Bg4 9. Nbd2 Nb6 10. h3 Bh5 11. Bb3 Qxd3 12. Nxe5 Qf5 13. Nef3 Rae8 14. g4 Bxg4 15. hxg4 Qxg4+ 16. Kh1 Bxf2 17. Nh2 Rxe1+ 18. Qxe1 Qg3 19. Qf1 Re8 20. Ndf3 Ne5 21. Qe2 Kf8 22. Bg5 Nxf3 23. Qxf3 Qxf3+ 24. Nxf3 Bg3 25. Kg2 Bd6 26. Re1 Rxe1 27. Nxe1 a5 28. Bc2 h6 29. Bc1 c6 30. Nf3 Ke7 31. Be3 Nc4 32. Bd4 c5 33. Bb3 cxd4 34. Bxc4 dxc3 35. bxc3 f5 36. Bd5 b6 37. a4 1/2-1/2

[Event "Kronborg Chess Open 2024 Master1"]
[Site "Helsingor"]
[Date "2024.05.11"]
[Round "6"]
[White "Ostensen, Nicolai Maxime"]
[Black "Gomez Aguirre, Juan Alberto"]
[Result "1/2-1/2"]
[WhiteElo "2234"]
[BlackElo "2273"]
[PlyCount "175"]
[EventDate "2024.05.09"]
[EventType "tourn"]
[EventRounds "7"]
[EventCountry "DEN"]
[SourceTitle "Live from Kronborg Chess Open 2024"]

1. c4 e6 2. Nc3 d5 3. e3 Nf6 4. Nf3 c5 5. cxd5 exd5 6. Bb5+ Nc6 7. d4 Bd6 8. dxc5 Bxc5 9. O-O O-O 10. b3 a6 11. Bxc6 bxc6 12. Bb2 Qe7 13. Rc1 Ba3 14. Bxa3 Qxa3 15. Qc2 Be6 16. Nb1 Qb4 17. Nd4 Rfc8 18. Qc5 Qb7 19. Nc3 Nd7 20. Qe7 Re8 21. Qd6 c5 22. Nxe6 fxe6 23. Na4 Rac8 24. Nxc5 Nxc5 25. Rxc5 Rxc5 26. Qxc5 Rc8 27. Qd6 Rc6 28. Qe5 Qc7 29. Qd4 Rc2 30. Qa4 Qc6 31. Qa5 Kf7 32. a4 Rc5 33. Qb4 Rc1 34. Qd2 Rxf1+ 35. Kxf1 Qc5 36. f4 a5 37. Kf2 h6 38. Kf3 Qc7 39. h3 Qc5 40. Kg3 Qc7 41. b4 axb4 42. Qxb4 Qc1 43. Qd4 Qe1+ 44. Kh2 h5 45. f5 h4 46. Qe5 exf5 47. Qxf5+ Ke8 48. Qe5+ Kf8 49. Qf4+ Kg8 50. Qf3 Qa5 51. Qd1 Qc7+ 52. Kh1 Qc5 53. Qd4 Qc1+ 54. Kh2 Qc7+ 55. Qf4 Qd8 56. Kg1 Qb6 57. Qd4 Qb1+ 58. Kf2 Qf5+ 59. Ke2 Qc2+ 60. Kf3 Qf5+ 61. Qf4 Qc2 62. Qd4 Qf5+ 63. Ke2 Qc2+ 64. Qd2 Qc4+ 65. Kf2 Qxa4 66. Qxd5+ Kh7 67. Qh5+ Kg8 68. Qf5 Qc4 69. Qf4 Qc2+ 70. Kg1 Qd1+ 71. Kh2 Qe1 72. e4 Kh7 73. Qf3 Kg8 74. Qg4 Kf7 75. Qf4+ Ke6 76. Qf5+ Ke7 77. Qf3 Ke6 78. Qf4 Ke7 79. e5 Ke6 80. Qg4+ Kxe5 81. Qxg7+ Kf5 82. Qg4+ Kf6 83. Qf4+ Kg6 84. Qd6+ Kf5 85. Qc5+ Qe5+ 86. Qxe5+ Kxe5 87. Kg1 Kf4 88. Kf2 1/2-1/2

[Event "Kronborg Chess Open 2024 Master1"]
[Site "Helsingor"]
[Date "2024.05.12"]
[Round "7"]
[White "Gomez Aguirre, Juan Alberto"]
[Black "Schmidt, Kristen"]
[Result "1-0"]
[WhiteElo "2273"]
[BlackElo "2246"]
[PlyCount "129"]
[EventDate "2024.05.09"]
[EventType "tourn"]
[EventRounds "7"]
[EventCountry "DEN"]
[SourceTitle "Live from Kronborg Chess Open 2024"]

1. d4 Nf6 2. c4 g6 3. Nc3 Bg7 4. e4 d6 5. Be2 O-O 6. Be3 c6 7. Nf3 Nbd7 8. O-O e5 9. d5 c5 10. Rb1 h6 11. Ne1 Ne8 12. g4 Kh7 13. Bd3 Bf6 14. Qd2 Bg5 15. Bxg5 hxg5 16. Ng2 Kg7 17. Qe3 Rh8 18. Qg3 Nc7 19. f3 Nf6 20. Kf2 Bd7 21. Rh1 Qe7 22. h3 a6 23. Nd1 b5 24. b3 a5 25. Bc2 a4 26. bxa4 b4 27. Nb2 Ra7 28. h4 gxh4 29. Rxh4 Raa8 30. Rbh1 Rag8 31. Rxh8 Rxh8 32. Rxh8 Kxh8 33. Qh4+ Kg7 34. Kg1 Qe8 35. Ne3 Nh7 36. Kg2 f6 37. Ned1 Qa8 38. Qf2 Ng5 39. Qe2 Qa5 40. Bb3 Qa8 41. Nf2 Qh8 42. Qf1 f5 43. gxf5 gxf5 44. exf5 Bxf5 45. Qh1 Qg8 46. Qh5 Kf8 47. Ng4 e4 48. Qh6+ Qg7 49. Qxd6+ Qe7 50. Qxe7+ Kxe7 51. Nh2 exf3+ 52. Nxf3 Be4 53. Bd1 Kd6 54. Kf2 Nxf3 55. Bxf3 Bb1 56. Ke3 Bxa2 57. Be4 Na6 58. Bh7 Ke5 59. Nd3+ Kd6 60. Nb2 Nc7 61. Be4 Ne8 62. Bg6 Nc7 63. Bf5 Nxd5+ 64. cxd5 c4 65. Ke4 1-0

[Event "Kronborg Chess Open 2024 Master1"]
[Site "Helsingor"]
[Date "2024.05.12"]
[Round "7"]
[White "Kistrup, Nicolai"]
[Black "Nord, Alexander"]
[Result "1/2-1/2"]
[WhiteElo "2342"]
[BlackElo "2240"]
[PlyCount "57"]
[EventDate "2024.05.09"]
[EventType "tourn"]
[EventRounds "7"]
[EventCountry "DEN"]
[SourceTitle "Live from Kronborg Chess Open 2024"]

1. e4 c5 2. Nf3 d6 3. d4 cxd4 4. Nxd4 Nf6 5. Nc3 a6 6. Bd3 g6 7. f3 Bg7 8. Be3 O-O 9. Qd2 Nc6 10. O-O-O Nxd4 11. Bxd4 Qa5 12. Kb1 e5 13. Be3 Be6 14. Nd5 Qxd2 15. Nxf6+ Bxf6 16. Bxd2 Rac8 17. Bb4 Rfd8 18. c4 Bxc4 19. Bxc4 Rxc4 20. Bxd6 Rdc8 21. Rc1 Rxc1+ 22. Rxc1 Rxc1+ 23. Kxc1 Bg5+ 24. Kc2 f6 25. Kc3 Kf7 26. Kc4 Ke6 27. Bb4 Be3 28. a4 b6 29. Bf8 1/2-1/2

[Event "Kronborg Chess Open 2024 Master1"]
[Site "Helsingor"]
[Date "2024.05.12"]
[Round "7"]
[White "Loftgaard, Mikkel Vinh"]
[Black "Strom Engdahl, Alexander"]
[Result "1/2-1/2"]
[WhiteElo "2228"]
[BlackElo "2217"]
[PlyCount "125"]
[EventDate "2024.05.09"]
[EventType "tourn"]
[EventRounds "7"]
[EventCountry "DEN"]
[SourceTitle "Live from Kronborg Chess Open 2024"]

1. e4 c5 2. Nf3 Nc6 3. c3 Nf6 4. e5 Nd5 5. d4 cxd4 6. cxd4 d6 7. Bc4 dxe5 8. dxe5 Be6 9. O-O g6 10. Ng5 Bg7 11. Nxe6 fxe6 12. Qf3 Qd7 13. Bb5 a6 14. Bxc6 Qxc6 15. Bg5 Rf8 16. Qg4 Rf5 17. Nd2 Bxe5 18. Rac1 Qb6 19. Nf3 Bg7 20. Qh4 Kf7 21. Be3 Nxe3 22. fxe3 Kg8 23. Qxe7 Raf8 24. Kh1 R5f7 25. Qh4 Qxb2 26. Qc4 Qb6 27. e4 Kh8 28. h3 Qd6 29. Ng5 Rxf1+ 30. Rxf1 Rxf1+ 31. Qxf1 Qe7 32. Qc4 Qd7 33. Qxe6 Qxe6 34. Nxe6 b6 35. Kg1 Be5 36. Kf2 h6 37. Ke3 Kg8 38. Kd3 Kf7 39. Nd8+ Ke7 40. Nc6+ Kd6 41. Nb4 a5 42. Nd5 b5 43. g4 h5 44. gxh5 gxh5 45. Ke3 a4 46. Kd2 Kc5 47. Kd3 b4 48. Kc2 Kc4 49. Nb6+ Kb5 50. Nd7 Bg7 51. e5 Kc6 52. e6 Kd6 53. Nb6 b3+ 54. axb3 axb3+ 55. Kxb3 Kxe6 56. Kc2 Kf5 57. Kd2 Kf4 58. Ke2 Kg3 59. Kf1 Bd4 60. Nd5 Bc5 61. Nf6 Kxh3 62. Nxh5 Bg1 63. Kxg1 1/2-1/2

[Event "Kronborg Chess Open 2024 Master1"]
[Site "Helsingor"]
[Date "2024.05.12"]
[Round "7"]
[White "Rasmussen, Casper Dahl"]
[Black "Ostensen, Nicolai Maxime"]
[Result "0-1"]
[WhiteElo "2202"]
[BlackElo "2234"]
[PlyCount "122"]
[EventDate "2024.05.09"]
[EventType "tourn"]
[EventRounds "7"]
[EventCountry "DEN"]
[SourceTitle "Live from Kronborg Chess Open 2024"]

1. d4 Nf6 2. Nf3 e6 3. c4 d5 4. g3 Bb4+ 5. Bd2 Be7 6. Bg2 O-O 7. O-O dxc4 8. Qc2 a6 9. a4 b6 10. Ne5 Ra7 11. Qxc4 Bb7 12. Bxb7 Rxb7 13. Nc3 c5 14. Be3 Nd5 15. Nxd5 exd5 16. Qc2 c4 17. b3 f6 18. Nf3 b5 19. axb5 axb5 20. Bf4 Nc6 21. e4 Nb4 22. Qe2 dxe4 23. Qxe4 Qd5 24. Qxd5+ Nxd5 25. bxc4 bxc4 26. Rfc1 Rc8 27. Ne1 Nxf4 28. gxf4 Bd6 29. f5 Rb5 30. Rc2 Rxf5 31. Rac1 Rb5 32. Nf3 Rb4 33. Rc3 Kf7 34. Nd2 Bf4 35. Nxc4 Bxc1 36. Nd6+ Ke6 37. Rxc8 Rb1 38. Ne4 Bb2+ 39. Kg2 Bxd4 40. Rc2 g5 41. Nd2 Rb7 42. Nf3 Ba7 43. Ra2 Kf7 44. Nd2 Kg6 45. Ne4 Bd4 46. Rd2 Rb4 47. Ng3 h5 48. h3 h4 49. Ne2 Be5 50. f3 Rb1 51. Rc2 Kf5 52. Ra2 Ke6 53. Rd2 Ra1 54. Rc2 Kd5 55. Rd2+ Kc4 56. f4 gxf4 57. Kf3 Ra3+ 58. Kg4 f3 59. Nf4 Bd4 60. Rc2+ Kb3 61. Rd2 f2 0-1